000 00821nam a2200229 a 4500
001 63553
003 BD-RjUL
005 20211209081217.0
008 170131s2012 bg ||||| |||| 00| 0 ben d
020 _a9789848888063
_c: TK 500.00
035 _a(BD-RjUL)63682
040 _aBD-RjUL
_bben
_cBD-RjUL
041 _aben
082 _223
_a891.444
_bBAC 2012
245 0 0 _aবাছাই গল্প ও নির্বাচিত কবিতা /
260 _aঢাকা :
_bনন্দিনী সাহিত্য,
_c২০১২
300 _a৩০৮ পৃ. ;
_c২১ সেমি.
650 _aবাংলা প্রবন্ধ
_9170454
650 _aBengali Essays
_9170481
700 _aরিজিয়া, সুলতানা, সম্পাদক
_9186980
942 _2ddc
_cBK
999 _c63553
_d63553